000 00945cab a2200253 4500
001 ABS46902
008 090401t1992 xxu||||| |||| 00| 0 eng d
035 _a(Sirsi) u60068
041 _aeng
245 _aWaste, energy and information
260 _c1992
350 _a0
490 _aRoofing
_v(18) Winter 1992/Spring 1992, 12-13(2)
520 _aProfiles ETSU`s Energy From Waste Information Service (EWIS), which was set up to meet the information needs of those interested, not least because of tighter waste disposal regulations and environmental concern, in the recovery of energy by the combustion of waste.
650 _aECOTEC
650 _aENERGY FROM WASTE INFORMATION SERVICE
650 _aENERGY TECHNOLOGY SUPPORT UNIT
650 _aRENEWABLE ENERGY SOURCES
650 _aWASTE DISPOSAL
690 _aENVIRONMENTAL AND LAND CONSULTANCY-ENERGY
690 _aEnvironment
_96238
942 _n0
948 _c04/03/1997
999 _c36991
_d36991